000
00262nam a22001097a 4500
008
170125b xxu||||| |||| 00| 0 eng d
020
_a
9780397544738
041
_a
eng
080
_a
618.2
245
_a
CASE STUDIES IN NURSING ETHICS
_c
VEATCH, R.M
942
_2
udc
_c
BK
999
_c
3661
_d
3661